000 00480nam a22001697a 4500
999 _c61462
_d61462
005 20240315160352.0
008 240315s1979 enk||||| |||| 00| 0 eng d
041 _aeng
080 _a087.5 : 292(100) B-24
100 _a Barber, Richard
_921440
245 _aA Companion to World Mythology /
_c Richard Barber.
264 _aMiddlesex,
_c1979.
300 _a312 c.:
_bil.;
_c24 cm.
653 _aმითოლოგია
653 _aრელიგია
942 _2udc
_cBK